000 01014nam a2200229Ii 4500
003 JO-AjNU
008 230605s9999||||xx |||||||||||||| ||und||
017 _a21667
020 _a977-358-106-3
040 _aJO-AjNU
_bara
_erda
_cJO-AjNU
041 _aara
050 1 4 _aHF5548.32 .G6812. 2006
100 3 _aتأليف دودج،ايان؛ ترجمة الخزامى،عبد الحكم احمد,
_eauthor
_944055
245 0 0 _aالادارة الالكترونية= e-Management: تأثير الأعمال التجارية الإلكترونية= e-Business على مدير تكنولوجيا المعلومات IT المعاصر
250 _aط1
264 3 1 _aالقاهرة:دار الفجر للنشر والتوزيع؛2006
300 _a284ص
_bيحتوي على ببلوغرافية من ص282-284ص
336 _atext
_btxt
_2rdacontent
337 _aunmediated
_bn
_2rdamedia
338 _avolume
_bnc
_2rdacarrier
650 4 _aالتجارة الإلكترونية - تنظيم و إدارة
_944056
999 _aA18990
_c22558
_d22558